000 00637nam a2200229Ia 4500
003 OSt
005 20221007080537.0
006 a|||||r|||| 00| 0
007 ta
008 221006b |||||||| |||| 00| 0 eng d
024 _a9,292
037 _cReference Collections
040 _aFLL
_cFLL
_beng
041 _2eng
_aeng
082 _aZ2vN7, M2
100 _aBaxi Upendra Au.
245 0 _aCrisis of the indian legal system
260 _aNew Delhi
_bVikas publishing house pvt ltd London
_c1982
300 _a404p
_ccm.
942 _hZ2vN7, M2
_cREF
_2CC
999 _c1160045
_d1160045